| Tag |
First Indicator |
Second Indicator |
Subfields |
| LEADER |
00000cam a22000001a 4500 |
| 001 |
in00003619521 |
| 005 |
20190408152845.0 |
| 006 |
m o d f |
| 007 |
cr bn mmmapmmp |
| 008 |
141127s1907 dcu o f000 0 eng d |
| 035 |
|
|
|a ebd1909201099
|
| 040 |
|
|
|a UMI
|c UMI
|d UtOrBLW
|
| 086 |
0 |
|
|a W 14.6:907/1
|
| 099 |
|
|
|a W1406-7.1
|
| 110 |
1 |
|
|a United States.
|b War Department.
|0 http://id.loc.gov/authorities/names/n79084108
|
| 245 |
1 |
0 |
|a Special orders, 1907.
|
| 264 |
|
1 |
|a [Washington] :
|b The Department,
|c 1907.
|
| 300 |
|
|
|a 1 online resource (238 pages)
|
| 336 |
|
|
|a text
|b txt
|2 rdacontent
|
| 337 |
|
|
|a computer
|b c
|2 rdamedia
|
| 338 |
|
|
|a online resource
|b cr
|2 rdacarrier
|
| 500 |
|
|
|a Series of special orders issued by the Department of the Colorado. Orders cover actions affecting specific personnel, including courts-martial, transfers, appointments, promotions, duty assignments and releases, discharges, furloughs, leaves of absence, and pay.
|
| 533 |
|
|
|a Electronic reproduction.
|b [Bethesda, Md.] :
|c ProQuest,
|d 2014.
|e digital, PDF file.
|n ProQuest U.S. Executive Branch Documents
|n Mode of access: World Wide Web via ProQuest website.
|
| 588 |
|
|
|a Record is based on online resource; title from PDF title page (ProQuest, last viewed Nov. 2014). Reuse except for individual research requires license from ProQuest, LLC.
|
| 500 |
|
|
|a Electronic resource.
|
| 650 |
|
0 |
|a Courts-martial and courts of inquiry.
|0 http://id.loc.gov/authorities/subjects/sh85033588
|
| 650 |
|
0 |
|a Civil service
|x Furloughs.
|0 http://id.loc.gov/authorities/subjects/sh85026389
|
| 650 |
|
0 |
|a Military appointments.
|
| 655 |
|
7 |
|a Electronic books.
|2 local
|
| 650 |
|
0 |
|a Missionaries
|x Leaves and furloughs.
|0 http://id.loc.gov/authorities/subjects/sh85086019
|
| 650 |
|
0 |
|a Prison furloughs.
|0 http://id.loc.gov/authorities/subjects/sh85106927
|
| 856 |
4 |
0 |
|u http://proxy.library.tamu.edu/login?url=http://congressional.proquest.com/congressional/docview/t66.d71.w1406-7.1
|z Connect to the full text of this electronic document
|t 0
|
| 999 |
f |
f |
|s e971d68a-b58f-31a6-8edd-97796ef673af
|i 43f76cba-da5f-36da-97b8-17b71bcfc0de
|t 0
|
| 952 |
f |
f |
|a Texas A&M University
|b College Station
|c Electronic Resources
|d Available Online
|t 0
|h No information provided
|
| 998 |
f |
f |
|t 0
|l Available Online
|